Six sigma : continual improvement for businesses (Record no. 183755)

MARC details
000 -LEADER
fixed length control field 00449nam a2200157Ia 4500
005 - DATE AND TIME OF LATEST TRANSACTION
control field 20250319153759.0
008 - FIXED-LENGTH DATA ELEMENTS--GENERAL INFORMATION
fixed length control field 231217s9999 xx 000 0 und d
020 ## - INTERNATIONAL STANDARD BOOK NUMBER
International Standard Book Number 9788131211939
082 ## - DEWEY DECIMAL CLASSIFICATION NUMBER
Classification number 658 TRU;1 R
100 ## - MAIN ENTRY--PERSONAL NAME
Personal name Truscott, William.
245 #0 - TITLE STATEMENT
Title Six sigma : continual improvement for businesses
260 ## - PUBLICATION, DISTRIBUTION, ETC. (IMPRINT)
Date of publication, distribution, etc. 2003
Name of publisher, distributor, etc. Butterworth Heinemann
Place of publication, distribution, etc. UK
300 ## - PHYSICAL DESCRIPTION
Extent xii+250
650 ## - SUBJECT ADDED ENTRY--TOPICAL TERM
Topical term or geographic name as entry element Six,sigma,continual,improvement,businesses
942 ## - ADDED ENTRY ELEMENTS (KOHA)
Koha item type Books
Holdings
Date last seen Total Checkouts Full call number Accession number Old discount Uniform Resource Identifier Cost, replacement price Price effective from Category Lost status Damaged status Department Withdrawn status bill no. bill date Permanent Location Current Location Shelving location Entry date Vendor Cost, normal purchase price Grants Currency symbol Conversion rate Discount Discount type
26/01/2024   658 TRU;1 R 55423 25 digital/contents/55423.pdf 206.25 26/01/2024 Books     Central Library   2009/CRB/0000702 18/02/2013 Central Library Central Library Central Library 11/08/2009 Intact Book House Pvt Ltd 275.00 MBA RS 1 68.75 Rupees

© For any Suggestions or Query, please contact the library staff @ librarian@pes.edu or Phone: +9180 2672 1983/ 2108.